Signals and systems (Record no. 782039)

MARC details
000 -LEADER
fixed length control field 00792nam a2200277Ia 4500
003 - CONTROL NUMBER IDENTIFIER
control field OSt
005 - DATE AND TIME OF LATEST TRANSACTION
control field 20220928125346.0
008 - FIXED-LENGTH DATA ELEMENTS--GENERAL INFORMATION
fixed length control field 220927b |||||||| |||| 00| 0 eng d
037 ## - SOURCE OF ACQUISITION
Terms of availability Textual
040 ## - CATALOGING SOURCE
Original cataloging agency SDCL
Transcribing agency SDCL
Language of cataloging eng
041 ## - LANGUAGE CODE
Source of code eng
Language code of text/sound track or separate title eng
100 ## - MAIN ENTRY--PERSONAL NAME
Personal name Ziemer Rodger E
9 (RLIN) 423045
245 #0 - TITLE STATEMENT
Title Signals and systems
Remainder of title Continuous and discrete.
250 ## - EDITION STATEMENT
Edition statement 4
260 ## - PUBLICATION, DISTRIBUTION, ETC.
Place of publication, distribution, etc. Delhi
Name of publisher, distributor, etc. Pearson
Date of publication, distribution, etc. 1998
300 ## - PHYSICAL DESCRIPTION
Extent xvii,622p.
Dimensions cm.
650 ## - SUBJECT ADDED ENTRY--TOPICAL TERM
Topical term or geographic name entry element Gift
9 (RLIN) 391569
700 ## - ADDED ENTRY--PERSONAL NAME
Personal name Tranter William H
9 (RLIN) 469382
942 ## - ADDED ENTRY ELEMENTS (KOHA)
Classification part D651:911, N8
Koha item type Textual
Source of classification or shelving scheme Colon Classification (CC)
Holdings
Withdrawn status Lost status Damaged status Not for loan Home library Current library Date acquired Source of acquisition Total Checkouts Full call number Barcode Date last seen Price effective from Koha item type
        South Campus Library South Campus Library 2022-09-28 GIFT, 21/07/2011, Gift   D651:911 N8 SC0502694 2022-09-28 2022-09-28 Textual
Copyright @ Delhi University Library System